[Event "Frankfurt Ch 2009"]
[Site "Ffm-Kalbach, LAZ"]
[Date "2009.05.04"]
[Round "2.6"]
[White "Klundt, Klaus"]
[Black "Benninger, Rudolf"]
[Result "1-0"]
[WhiteElo "2347"]
[BlackElo "2141"]
[PlyCount "0"]
[EventDate "2009.??.??"]
[WhiteTeam "SF Burgsinn"]
[BlackTeam "SC Heusenstamm"]

1. e4 c5 2. Nf3 g6 3. d4 Bg7 4. dxc5 Qa5+ 5. Nc3 Bxc3+ 6. bxc3 Qxc3+ 7. Bd2
Qxc5 8. Bd3 Nf6 9. O-O O-O 10. e5 Ng4 11. Qe2 Nc6 12. Rfe1 d6 13. exd6 Qxd6 14.
Bc3 Be6 15. h3 Nf6 16. Rad1 Qc5 17. Qd2 Rad8 18. Ba1 Qh5 19. Ne5 Rd5 20. Qe3
Rfd8 21. Rb1 Nxe5 22. Bxe5 b6 23. Rb4 Ra5 24. Qg3 Rdd5 25. f4 Bf5 26. Be2 Qh6
27. Bc4 Rd8 28. Bb3 Qh5 29. Rd4 Rxd4 30. Bxd4 Ne4 31. Qe3 e6 32. Bb2 Qh4 33.
Rd1 1-0